Pays où l'espérance de vie est la plus basse - Statistiques

Statistiques générales
  • Ce quiz a été pris 276 fois
  • Le résultat moyen est 14 sur 21
Statistiques - réponses
Espérance de vie (en années) Pays % Correct
59,8 République démocratique du Congo
85%
58,2 Mali
82%
55,0 Somalie
81%
54,5 Nigeria
78%
52,4 Angola
74%
57,3 Soudan du Sud
73%
59,0 Guinée
71%
53,1 Tchad
71%
59,9 Togo
70%
53,7 Lesotho
67%
50,1 Sierra Leone
67%
58,9 Guinée-Bissau
66%
59,6 Burundi
65%
57,3 Cameroun
65%
58,9 Eswatini
64%
57,6 Mozambique
64%
52,5 République centrafricaine
64%
59,9 Burkina Faso
60%
53,3 Côte d'Ivoire
60%
58,2 Guinée équatoriale
60%
58,3 Malawi
59%
Aucun quiz correspondant
Distribution des résultats
% des personnes avec chaque résultat
Percentile par nombre de réponses
Votre historique - résultats
Vous n’avez pas pris ce quiz